000 00448ntaaa2200181 4500
003 01
005 20251027202818.0
008 0714s1973 ag 01
040 _aAR-BaBN
_bspa
_cAR-BaBN
_eaacr
_dRIC
082 _a913.0000 Sn9b
100 _aSnyder, Geerto
_928507
245 _aBajo el polvo de los siglos
250 _a1 ed.
260 _aBuenos Aires :
_bCarlos Lohlé,
_cc1959
300 _a383 p
650 _aarqueología
_95159
942 _cBK
999 _c23468
_d23468